000 01704nam a22004457a 4500
003 CHAP
005 20220329142335.0
008 000817d1999 mx rs o00110 spa d
010 _a82012
011 _a82984
020 _a9701326601
035 _a93492
040 _cCHAP
082 0 4 _a317.2
_bI57 1999 Hgo.
110 2 _aInstituto Nacional de Estadística, Geografía e Informática. México
_959304
245 1 0 _aPerspectiva estadística de Hidalgo
_c/por Instituto Nacional de Estadística, Geografía e Informática
260 _aAguascalientes, Ags. :
_bInstituto Nacional de Estadística, Geografía e Informática,
_c1999.
300 _a111 p. :
_bgráfs. ; cuadros
590 _aBATCH-UPD
_b10
_c20130109
_lUCH01
_h2350
590 _aBATCH-UPD
_b10
_c20130110
_lUCH01
_h0207
590 _aBATCH-UPD
_b10
_c20130110
_lUCH01
_h1649
590 _aBATCH-UPD
_b10
_c20130409
_lUCH01
_h1921
590 _aBATCH-UPD
_b10
_c20130410
_lUCH01
_h0229
590 _aBATCH-UPD
_b10
_c20130410
_lUCH01
_h1625
590 _aBATCH-UPD
_b10
_c20130914
_lUCH01
_h0721
590 _aBATCH-UPD
_b10
_c20130914
_lUCH01
_h2150
590 _aCONVERSION
_b10
_c20130109
_lUCH01
_h1346
650 1 4 _aAgricultura
_xEstadisticas
_zHidalgo.
_91454
650 1 4 _aBosques
_xEstadísticas
_xHidalgo.
_914147
650 1 4 _aEmpleo
_xHidalgo.
_936562
650 1 4 _aGanadería
_xEstadísticas
_zHidalgo.
_944713
650 1 4 _aHidalgo
_xEstadísticas.
_955174
650 1 4 _aHidalgo
_xHistoria.
_955176
650 1 4 _aPoblación
_zHidalgo.
_989424
650 1 4 _aVivienda
_xHidalgo.
_9120131
901 _aBK
905 _aPatricia Mendoza P.
942 _cLIBRO
949 _a317.2 I57 1999 Hgo.
_bBC
_cINEGI
_d33724000787925
_eINEGI
_h98374
_i93492
_sb
999 _c82012
_d82012